Datum a čas kvízu
35
Celkem bodů
Celkový počet nahraných bodů na tomto kvízu bez doplňovacích otázek.
1.
Pořadí na kvízu
Konečné umístění týmu na tomto kvízu.
Zaznamenané odpovědi
| # | Otázka | Odpověď | Body | Výsledky |
|---|---|---|---|---|
| 1. | Jak se nazývá politické hnutí,... | 1 | ||
| 2. | Donald Trump přivítal v Bílém... | 0 | ||
| 3. | Kdo si občas zabrnká na kytaru... | 1 | ||
| 4. | Jak informoval v úterý Čínský... | 1 | ||
| 5. | Přiřaďte účastnice právě probí... | 0 | ||
| 6. | Zvíře jménem Benjamin v Orwell... | 1 | ||
| 7. | Tato kniha Jacka Londona navaz... | 1 | ||
| 8. | Příběhy medvídka Pú pochází z... | 1 | ||
| 9. | O Knize džunglí jsme se v kvíz... | 0 | ||
| 10. | Lev, čarodějnice a skříň není... | 0 |